000 00768nam a2200229Ia 4500
003 GCL
008 140319s9999 xx 000 0 ara d
020 _a6271009957
040 _aGCL /
_cGCL
082 0 4 _a371.2
_bك ا
100 1 _aكريم ناصر على
245 1 0 _aالادارة والاشراف التربوى /
_cكريم ناصر على
250 _aالاولى
260 _aالاردن :
_bدار الشروق للنشر والتوزيع ،
_c2006
300 _a135 ص ؛
_c24 سم
650 0 4 _aالتوجية التربوى
650 0 4 _aالادارة التعليمية
650 0 4 _aالمدارس - تنظيم وادارة
650 0 4 _aالاشراف التربوى
650 0 4 _aالمدارس - الاشراف
942 _2ddc
_cBK
999 _c10138
_d10138